000 00553nam a2200205Ii 4500
001 7780
003 CO-ViMGA
008 241108s9999||||xx |||||||||||||| ||und||
040 _aCO-ViMGA
_bspa
_erda
_cCO-ViMGA
041 0 _aspa
084 _aN VER2
100 1 _aJulio Verne
_949336
245 1 0 _aLas indias negras
264 1 _aMadrid, EspaƱa : Molino, 1958
300 _avolumen
336 _atext
_btxt
_2rdacontent
337 _aunmediated
_bn
_2rdamedia
338 _avolume
_bnc
_2rdacarrier
940 _aidficha_siabuc: 7605. -- ficha_no_siabuc:7780
999 _c43979
_d43979